000 00597nam a2200193Ia 4500
003 GCL
008 140319s9999 xx 000 0 ara d
040 _aGCL /
_cGCL
082 0 4 _a822.008
_bش س
100 1 _aبدر توفيق
245 1 0 _aسونيتات شكسبير الكاملة /
_cبدر توفيق
700 1 _aشكسبير، ويليام
250 _aالاولى
260 _aالقاهرة :
_bدار اخبار اليوم ،
_c1988
300 _a182 ص ؛
_c20 سم
650 0 4 _aالادب الانجليزى
650 0 4 _aالشعر الانجليزى
942 _2ddc
_cBK
999 _c36940
_d36940